000 nam a22 a 4500
999 _c289
_d289
005 20170516161725.0
008 170503s2013 my ||||| |||| 00| 0 eng d
040 _aAKMAL
082 _a343.595056 MAL
090 _a343.595056
_bMAL
110 1 _aMalaysia
_ejurisdiction governed
_9400
245 _aAkta Kastam 1967 : perintah duti kastam (pengecualian) 2013 ( hingga 24 Disember 2013) [P.U.(A) 371/2013] /
_cDisusun oleh: Lembaga Penyelidikan Undang-Undang
246 _aCustoms duties (exemption) order 2013
260 _aKuala Lumpur;
_bPercetakan Nasional Berhad,
_c2013.
300 _a69ms.
_c24cm
546 _aParallel bahasa Malaysia and English text
650 1 _aTariff
_xLaw and legislation
_zMalaysia
_920
650 2 _aCustoms administration
_xLaw and legislation
_zMalaysia
_9635
942 _2ddc
_cBOOK
950 _lAKMAL